<?xml version="1.0" encoding="UTF-8"?>
<record
    xmlns:xsi="http://www.w3.org/2001/XMLSchema-instance"
    xsi:schemaLocation="http://www.loc.gov/MARC21/slim http://www.loc.gov/standards/marcxml/schema/MARC21slim.xsd"
    xmlns="http://www.loc.gov/MARC21/slim">

  <leader>01793nam a2200313 i 4500</leader>
  <controlfield tag="001">000011265</controlfield>
  <controlfield tag="003">DO-SdBNP</controlfield>
  <controlfield tag="005">20251204095228.0</controlfield>
  <controlfield tag="007">ta</controlfield>
  <controlfield tag="008">091015s1978    dr c          001 p spa d</controlfield>
  <datafield tag="040" ind1=" " ind2=" ">
    <subfield code="a">DO-SdBNP</subfield>
    <subfield code="b">spa</subfield>
    <subfield code="c">BNPHU</subfield>
    <subfield code="e">rda</subfield>
  </datafield>
  <datafield tag="041" ind1=" " ind2=" ">
    <subfield code="a">spa</subfield>
  </datafield>
  <datafield tag="082" ind1=" " ind2="4">
    <subfield code="a">RD861.4408</subfield>
    <subfield code="b">M425a</subfield>
    <subfield code="2">22</subfield>
  </datafield>
  <datafield tag="100" ind1="1" ind2=" ">
    <subfield code="a">Mateo V&#xE1;squez, Eddy,</subfield>
    <subfield code="d">1954-</subfield>
    <subfield code="e">autor</subfield>
    <subfield code="4">aut.</subfield>
    <subfield code="9">20625</subfield>
  </datafield>
  <datafield tag="245" ind1="1" ind2="0">
    <subfield code="a">Antolog&#xED;a literaria de Neyba /</subfield>
    <subfield code="c">Eddy Mateo V&#xE1;squez.</subfield>
  </datafield>
  <datafield tag="264" ind1=" " ind2="1">
    <subfield code="a">Santo Domingo :</subfield>
    <subfield code="b">Editora Alfa y Omega,</subfield>
    <subfield code="c">1978.</subfield>
  </datafield>
  <datafield tag="300" ind1=" " ind2=" ">
    <subfield code="a">317 p&#xE1;ginas :</subfield>
    <subfield code="b">ilustraciones, retratos ;</subfield>
    <subfield code="c">21 cm.</subfield>
  </datafield>
  <datafield tag="336" ind1=" " ind2=" ">
    <subfield code="a">texto</subfield>
    <subfield code="b">txt</subfield>
    <subfield code="2">rdacontent</subfield>
  </datafield>
  <datafield tag="337" ind1=" " ind2=" ">
    <subfield code="a">sin mediaci&#xF3;n</subfield>
    <subfield code="b">n</subfield>
    <subfield code="2">rdamedia</subfield>
  </datafield>
  <datafield tag="338" ind1=" " ind2=" ">
    <subfield code="a">volumen</subfield>
    <subfield code="b">nc</subfield>
    <subfield code="2">rdacarrier</subfield>
  </datafield>
  <datafield tag="505" ind1="0" ind2=" ">
    <subfield code="a">Liminar --</subfield>
    <subfield code="g">Introducci&#xF3;n --</subfield>
    <subfield code="t">Apolinar Perdomo --</subfield>
    <subfield code="t">Armando Sosa Leyba --</subfield>
    <subfield code="t">Angel Hern&#xE1;ndez Acosta --</subfield>
    <subfield code="t">Pedro Caro P&#xE9;rez --</subfield>
    <subfield code="t">Carlos Alberto Perdomo R. --</subfield>
    <subfield code="t">Di&#xF3;genes Noboa Leyba --</subfield>
    <subfield code="t">Servio A. P&#xE9;rez Acosta --</subfield>
    <subfield code="t">Rafael A D&#xED;az V&#xE1;squez --</subfield>
    <subfield code="t">Norvo A P&#xE9;rez --</subfield>
    <subfield code="t">Elia Meri&#xF1;o de P&#xE9;rez --</subfield>
    <subfield code="t">Altagracia G. Acosta de M. --</subfield>
    <subfield code="t">Lucrecia Sosa Leyba --</subfield>
    <subfield code="t">Manuel Acosta Sierra --</subfield>
    <subfield code="t">Ismael Perdomo Hijo --</subfield>
    <subfield code="t">Abigail Acosta Matos --</subfield>
    <subfield code="t">Espronceda P&#xE9;rez Perdomo --</subfield>
    <subfield code="t">Manuel Asunci&#xF3;n Pachano --</subfield>
    <subfield code="t">Francisco Acosta Hijo --</subfield>
    <subfield code="t">On&#xE9;sima Vidal P&#xE9;rez --</subfield>
    <subfield code="t">Jorge Noboa Herasme --</subfield>
    <subfield code="g">Otros literatos de Neyba --</subfield>
    <subfield code="t">Luis Felipe Vidal --</subfield>
    <subfield code="t">Domilio V&#xE1;squez G. --</subfield>
    <subfield code="t">Ariel Acosta Cuevas --</subfield>
    <subfield code="g">Cantores populares --</subfield>
    <subfield code="t">Toto&#xF1;o Acosta --</subfield>
    <subfield code="t">Cabo e Vela --</subfield>
    <subfield code="t">Carnav&#xE1; --</subfield>
    <subfield code="t">Anicete Perdomo --</subfield>
    <subfield code="t">Jos&#xE9; D. V&#xE1;squez</subfield>
  </datafield>
  <datafield tag="590" ind1=" " ind2=" ">
    <subfield code="a">Inventariado, 2019 / DG</subfield>
  </datafield>
  <datafield tag="650" ind1=" " ind2="4">
    <subfield code="a">Poes&#xED;a dominicana</subfield>
    <subfield code="9">351</subfield>
    <subfield code="v">Colecciones</subfield>
  </datafield>
  <datafield tag="650" ind1=" " ind2="4">
    <subfield code="a">Literatura dominicana.</subfield>
    <subfield code="9">67</subfield>
  </datafield>
  <datafield tag="650" ind1=" " ind2="4">
    <subfield code="a">Autores dominicanos</subfield>
    <subfield code="9">230</subfield>
    <subfield code="v">Biograf&#xED;as</subfield>
  </datafield>
  <datafield tag="651" ind1=" " ind2="4">
    <subfield code="a">Neyba Rep&#xFA;blica Dominicana</subfield>
    <subfield code="x">Antolog&#xED;as literarias</subfield>
    <subfield code="9">26837</subfield>
  </datafield>
  <datafield tag="910" ind1=" " ind2=" ">
    <subfield code="a">Validado. Control de calidad BNPHU</subfield>
  </datafield>
  <datafield tag="942" ind1=" " ind2=" ">
    <subfield code="2">ddc</subfield>
    <subfield code="c">LBS1</subfield>
  </datafield>
  <datafield tag="952" ind1=" " ind2=" ">
    <subfield code="0">0</subfield>
    <subfield code="1">0</subfield>
    <subfield code="2">ddc</subfield>
    <subfield code="5">6</subfield>
    <subfield code="7">0</subfield>
    <subfield code="8">DS</subfield>
    <subfield code="a">BNPHU</subfield>
    <subfield code="b">BNPHU</subfield>
    <subfield code="c">HD</subfield>
    <subfield code="d">2009-10-15</subfield>
    <subfield code="l">0</subfield>
    <subfield code="o">BNPHU DS RD861.44 M425a</subfield>
    <subfield code="p">11265-30</subfield>
    <subfield code="r">2020-06-25</subfield>
    <subfield code="t">e. 3</subfield>
    <subfield code="w">2020-06-25</subfield>
    <subfield code="y">LBS1</subfield>
    <subfield code="Z">Pr&#xE9;stamo en sala</subfield>
  </datafield>
  <datafield tag="952" ind1=" " ind2=" ">
    <subfield code="0">0</subfield>
    <subfield code="1">0</subfield>
    <subfield code="2">ddc</subfield>
    <subfield code="5">1</subfield>
    <subfield code="7">0</subfield>
    <subfield code="8">PD</subfield>
    <subfield code="a">BNPHU</subfield>
    <subfield code="b">BNPHU</subfield>
    <subfield code="c">HD</subfield>
    <subfield code="d">2009-10-15</subfield>
    <subfield code="l">0</subfield>
    <subfield code="o">BNPHU PD RD861.4408 M425a</subfield>
    <subfield code="p">11265-10</subfield>
    <subfield code="r">2020-06-25</subfield>
    <subfield code="w">2020-06-25</subfield>
    <subfield code="y">LBS1</subfield>
    <subfield code="Z">No se presta</subfield>
  </datafield>
  <datafield tag="952" ind1=" " ind2=" ">
    <subfield code="0">0</subfield>
    <subfield code="1">0</subfield>
    <subfield code="2">ddc</subfield>
    <subfield code="5">1</subfield>
    <subfield code="7">0</subfield>
    <subfield code="8">PD</subfield>
    <subfield code="a">BNPHU</subfield>
    <subfield code="b">BNPHU</subfield>
    <subfield code="c">HD</subfield>
    <subfield code="d">2009-10-15</subfield>
    <subfield code="l">0</subfield>
    <subfield code="o">BNPHU PD RD861.4408 M425a</subfield>
    <subfield code="p">11265-20</subfield>
    <subfield code="r">2020-06-25</subfield>
    <subfield code="t">e. 2</subfield>
    <subfield code="w">2020-06-25</subfield>
    <subfield code="y">LBS1</subfield>
    <subfield code="Z">No se presta</subfield>
  </datafield>
  <datafield tag="999" ind1=" " ind2=" ">
    <subfield code="c">10982</subfield>
    <subfield code="d">10982</subfield>
  </datafield>
</record>
